000 00590nam a2200181 a 4500
001 000041301
005 20201002034753.0
008 130930s1966 sp 000 0 spa d
040 _aDO-SdBNP
_bspa
_cBNPHU
082 _axxx
_bxxx
245 0 0 _aMoreto :
_bteatro /
_cedición , prólogo y notas de Narciso Alonso Cortés.
250 _a5a ed.
260 _aMadrid :
_bEspasa-Calpe,
_c1966.
300 _a216 p. ;
_c19 cm.
490 1 _aClásicos castellanos
_v32
500 _aIncluye referencias bibliográficas y notas al pie de las páginas.
830 0 _aClásicos castellanos
_n32
_967919
999 _c40791
_d40791